[Event "FIDE World Uni Blitz-C 1st"]
[Site "Tornelo INT"]
[Date "2021.03.13"]
[Round "2.8"]
[White "Maher, Conor"]
[Black "Kevlishvili, Robby"]
[Result "0-1"]
[WhiteElo "1939"]
[BlackElo "2495"]
[PlyCount "98"]
[EventDate "2021.03.13"]
[EventType "swiss (blitz)"]
[EventRounds "10"]
[EventCountry "NET"]
[SourceTitle "EXT 2022"]
[Source "ChessBase"]
[SourceDate "2021.10.06"]
[SourceVersion "1"]
[SourceVersionDate "2021.10.06"]
[SourceQuality "1"]

1. e4 c5 2. Nf3 d6 3. c3 Nf6 4. Be2 Nbd7 5. d3 g6 6. a4 Bg7 7. 0-0 0-0 8. h3 b6 9. Re1 Bb7 10. Bf1 e5 11. Nbd2 d5 12. exd5 Nxd5 13. Nc4 Qc7 14. Bg5 Rfe8 15. Bh4 a6 16. Bg3 b5 17. Ncd2 Nf4 18. Ne4 Rad8 19. d4 exd4 20. Ned2 dxc3 21. Rxe8+ Rxe8 22. bxc3 Nf8 23. axb5 axb5 24. Bxb5 Rd8 25. Qc2 N8e6 26. Re1 Qa5 27. c4 Bc3 28. Rd1 Ne2+ 29. Kh2 Nxg3 30. fxg3 Bg7 31. Nb3 Qc7 32. Rxd8+ Qxd8 33. Qe2 h5 34. h4 Qd6 35. Nbd2 Nd4 36. Nxd4 Bxd4 37. Nf3 Bf6 38. Qe8+ Kg7 39. Qe3 Bc8 40. Ng5 Bf5 41. Be8 Bxg5 42. Qxg5 Be6 43. Qe3 Bxc4 44. Qf3 Be6 45. Bb5 Qd4 46. Bd3 c4 47. Bc2 c3 48. Bd3 Bb3 49. Qe4 Qxe4 0-1